Marxes i campaments
Descripción Física:
12 p. ; 22 cm
MARC
| LEADER | 00000nam a2200000Ia 4500 | ||
|---|---|---|---|
| 001 | 15923 | ||
| 008 | 160829s1925 xx 000 0 cat d | ||
| 080 | |a RF-12-50 | ||
| 100 | |a Catalunya. Exèrcit |9 39100 | ||
| 245 | |a Marxes i campaments | ||
| 260 | |a [Barcelona] : |b Publicacions de l'Estat català, |c 1925 | ||
| 300 | |a 12 p. ; |c 22 cm | ||
| 590 | |a Abans del títol: Exèrcit català. | ||
| 590 | |a Reeditat de Edicions militars catalanes. Barcelona, 1924 | ||
| 650 | |a Marxa (Ciència militar) |9 39105 | ||
| 650 | |a Campaments militars |x Catalunya |9 39106 | ||
| 856 | 4 | |u https://media.diba.cat/diba/fitxers/arxiu/fulletons/bib_15923_1925_baixa.pdf |y Accés lliure | |
| 856 | 4 | |u https://media.diba.cat/diba/fitxers/arxiu/fulletons/bib_15923_1925_baixa.pdf |y Accés lliure | |
| 901 | |a Arxiu | ||
| 942 | |n 1 |2 udc | ||
| 952 | |0 0 |1 0 |4 0 |6 RF1250 |7 1 |9 48802 |a Arxiu |b Arxiu |d 2016-12-01 |l 0 |o RF-12-50 |p 15923 |r 2016-12-01 00:00:00 |w 2016-12-01 |y ARXIU | ||
| 999 | |c 52635 |d 52635 | ||
| 900 | |a bib_15923_1925_baixa.pdf | ||